Najgorsze Drużyny na EURO (od 1980) - Statystyki

Ogólne statystyki
  • Ten quiz został rozwiązany 98 razy
    34 od ostatniego zresetowania
  • Średni wynik to 9 z 13
Statystyki odpowiedzi
Rok Bilans Bramki Reprezentacja % Poprawnych
2016 0-0-3 0:5 Ukraina
93%
2008 0-0-3 1:5 Grecja
83%
1980 0-1-2 1:4 Grecja
83%
2012 0-0-3 1:9 Irlandia
83%
2024 0-1-2 2:7 Szkocja
80%
2020 0-0-3 1:8 Turcja
73%
1996 0-0-3 0:5 Turcja
73%
1988* 0-0-3 2:7 Anglia
67%
2000 0-0-3 0:8 Dania
67%
1988* 0-0-3 2:7 Dania
67%
2004 0-0-3 1:9 Bułgaria
63%
1984 0-0-3 2:10 Jugosławia
60%
1992 0-2-1 1:4 Wspólnota Niepodległych Państw
13%
Nie znaleziono quizów pasujących do podanych kryteriów
Rozkład punktacji
Procent ludzi z każdym wynikiem
Percentyl według liczby udzielonych odpowiedzi
Twoja historia wyników
Nie rozwiązałeś tego quizu od ostatniego zresetowania